Estadísticas para Países americanos sin costa atlántica

Haz click aquí para intentar la prueba.

Estadísticas generales

  • Esta prueba ha sido intentada 85 veces
  • La puntuación promedio es 4 de 5

Estadísticas de respuestas

País% Correcto
Perú
92%
Bolivia
88%
Ecuador
87%
Paraguay
85%
El Salvador
79%

Distribución de puntuación

Porcentaje por número respondido

Porcentaje de gente con cada puntuación

Historial de tus puntuaciones

No has intentado esta prueba.